00442nam a2200169Ia 4500003000900000008004100009040001300050040001300063041000800076100002000084245010600104250000900210260002800219260000900247300001000256490000600266IT-RoPAU120407s9999 xx 000 0 und d aIT-RoPAU cIT-RoPAU aita aVittoria Farina aTeologia liturgica di alcuni prefazi del nuovo messale. Tesi di Magistero in “scienze religiose”. aRoma aPont. Ist. Regina Mundi c1972 c29 cm v1